| 000 | 00402 a2200145 4500 | ||
|---|---|---|---|
| 999 |
_c3976 _d3976 |
||
| 020 | _a3579108642 | ||
| 050 | 0 | 0 | _aQA21. KLI 1953 |
| 100 | 1 |
_aKline, Morris, _d1908-1992. |
|
| 245 | 1 | 0 |
_aMathematics in Western culture / _cMorris Kline |
| 264 |
_aLondon: _bPenguin books., _c1953 |
||
| 300 |
_a484 p. _billus. |
||
| 500 | _alncludes index | ||
| 650 | 0 |
_aMathematics _xHistory. |
|
| 942 |
_2lcc _cBK _h21 _iKLI _kQA |
||